Novelizácia IAS 16 a jej dosahy na oceňovanie, účtovanie a vykazovanie dlhodobého hmotného majetku
Novelizácia štandardu IAS 16 (2003). Význam novelizácie štandardu IAS 16 je zdôraznený aj tým, že konsoliduje do istej miery roztrieštené ustanovenia súvisiace s oceňovaním, účtovaním a vykazovaním dlhodobého hmotného majetku.
Guardado en:
| Autor principal: | |
|---|---|
| Formato: | Capítulo de libro |
| Lenguaje: | eslovaco |
| Materias: | |
| Etiquetas: |
Sin Etiquetas, Sea el primero en etiquetar este registro!
|
MARC
| LEADER | 00000naa$a2200000$$$4500 | ||
|---|---|---|---|
| 001 | 0012098 | ||
| 005 | 20240502071357.6 | ||
| 041 | 0 | |a slo | |
| 044 | |a SK | ||
| 245 | 1 | 0 | |a Novelizácia IAS 16 a jej dosahy na oceňovanie, účtovanie a vykazovanie dlhodobého hmotného majetku |c aut. Miloš Tumpach |
| 520 | |a Novelizácia štandardu IAS 16 (2003). Význam novelizácie štandardu IAS 16 je zdôraznený aj tým, že konsoliduje do istej miery roztrieštené ustanovenia súvisiace s oceňovaním, účtovaním a vykazovaním dlhodobého hmotného majetku. | ||
| 610 | 2 | 0 | |a štandardy účtovné medzinárodné |
| 610 | 2 | 0 | |a novelizácia |
| 610 | 2 | 0 | |a majetok hmotný |
| 610 | 2 | 0 | |a oceňovanie |
| 610 | 2 | 0 | |a účtovanie |
| 610 | 2 | 0 | |a výkazy účtovné |
| 610 | 2 | 0 | |a IAS 16 |
| 100 | 1 | |a Tumpach, Miloš, 1970- | |